| 000 | 00688nam a2200229 u 4500 | ||
|---|---|---|---|
| 005 | 20240228064212.0 | ||
| 008 | 150323s2006 r 000 0 eng d | ||
| 020 | _a0764134566 (10 dígitos) | ||
| 020 | _a9780764134562 (13 dígitos) | ||
| 035 | _aUPN01000202711 | ||
| 049 | _aI | ||
| 050 | 4 |
_aPZ71 _bR6.27 |
|
| 100 | 1 |
_aRoca, Núria _933248 |
|
| 245 | 1 | 0 |
_aCuidemos a nuestro perrito nuevo / _cNúria Roca, il. Rosa M. Curto. |
| 260 |
_aNew York : _bBarron's, _cc2006. |
||
| 300 |
_a35 p. : _bil. col. |
||
| 440 | 0 | _aCuidar y proteger | |
| 650 | 4 |
_aLibros y lectura para niños _92290 |
|
| 650 | 4 |
_aPerros _vLiteratura infantil _98585 |
|
| 905 | _aInfantil | ||
| 999 |
_c174812 _d174812 |
||